000
00288nam a2200133Ia 4500
008
231129s1975||||xx |||||||||||||| ||spa||
040
_b
spa
082
_a
N864.3 D218r
100
_a
Dario Rubén seud.
245
0
_a
Los raros
260
_c
1975
264
_a
Ariel
942
_2
ddc
_c
BKS
999
_c
20016
_d
20016